| 000 | 00497cam a22002051 4500 | ||
|---|---|---|---|
| 001 | sa 64000129 | ||
| 003 | DLC | ||
| 005 | 20260227111953.0 | ||
| 008 | 070530s1961 pk 000 0 urd | ||
| 010 | _asa 64000129 | ||
| 040 |
_aDLC _cDLC _dDLC |
||
| 050 | 0 | 0 |
_aPk2200.H342 _bB3 |
| 100 | 1 |
_aHamid, Abdul, _d1928-2011. |
|
| 245 | 1 | 0 | _aBārish men̲ judaʼī. |
| 260 | _c[1961] | ||
| 300 |
_a450 p. _c19 cm. |
||
| 500 | _aIn Urdu. | ||
| 500 | _aA novel. | ||
| 500 | _aText partially vocalized. | ||
| 999 |
_c56037 _d56037 |
||